[Event "Brighton Knight Flight International"]
[Site "Brighton"]
[Date "1982.12.13"]
[Round "1"]
[White "Short, Nigel D"]
[Black "Arnason, Jon Loftur"]
[Result "1/2-1/2"]
[WhiteElo "2485"]
[BlackElo "2455"]
[PlyCount "81"]
[EventDate "1982.12.13"]
[EventType "tourn"]
[EventRounds "11"]
[EventCountry "ENG"]
[EventCategory "8"]
[SourceTitle "BritBase"]
[Source "John Saunders"]
[SourceDate "2020.09.07"]
[SourceVersion "1"]
[SourceVersionDate "2020.09.07"]
[SourceQuality "2"]

1. e4 c5 2. Nf3 e6 3. d4 cxd4 4. Nxd4 Nf6 5. Nc3 Nc6 6. Ndb5 d6 7. Bf4 e5 8.
Bg5 a6 9. Na3 Be6 10. Nc4 Rc8 11. Bd3 Be7 12. O-O O-O 13. Bxf6 Bxf6 14. Ne3 Bg5
15. Ncd5 Ne7 16. Re1 Nxd5 17. Nxd5 Bxd5 18. exd5 f5 19. c4 e4 20. Bf1 Qb6 21.
Rb1 Bf6 22. b4 Bc3 23. Re3 Bd4 24. Re2 e3 25. fxe3 Bxe3+ 26. Kh1 f4 27. Rc2 Qd8
28. Be2 b6 29. Bg4 Ra8 30. Qd3 Qg5 31. Be6+ Kh8 32. Rf1 f3 33. g3 Rf6 34. Qe4
Raf8 35. a3 a5 36. Bg4 axb4 37. axb4 Bd2 38. h4 Qh6 39. Rxf3 Rxf3 40. Bxf3 Bxb4
41. Qe7 1/2-1/2

[Event "Brighton Knight Flight International"]
[Site "Brighton"]
[Date "1982.12.13"]
[Round "1"]
[White "Sigurjonsson, Gudmundur"]
[Black "Hodgson, Julian M"]
[Result "0-1"]
[WhiteElo "2470"]
[BlackElo "2385"]
[PlyCount "56"]
[EventDate "1982.12.13"]
[EventType "tourn"]
[EventRounds "11"]
[EventCountry "ENG"]
[EventCategory "8"]
[SourceTitle "BritBase"]
[Source "John Saunders"]
[SourceDate "2020.09.07"]
[SourceVersion "1"]
[SourceVersionDate "2020.09.07"]
[SourceQuality "2"]

1. e4 c6 2. d4 d5 3. Nd2 (3. Nc3 {is given in some sources}) 3... dxe4 4. Nxe4
Nf6 5. Nxf6+ gxf6 6. c3 Bf5 7. Nf3 Qc7 8. g3 e6 9. Bg2 Nd7 10. O-O O-O-O 11.
Qe2 Bg4 12. Be3 h5 13. c4 h4 14. b4 hxg3 15. fxg3 f5 16. d5 c5 17. dxe6 fxe6
18. a3 Bd6 19. bxc5 Nxc5 20. Rab1 Ne4 21. Qb2 Bc5 22. Rfe1 b6 23. Qe5 Bxf3 24.
Qxe6+ Kb8 25. Bxf3 Nd2 26. Bxc5 Qxc5+ 27. Kg2 Rxh2+ 28. Kxh2 Qf2+ {Source:
Tournament Chess, Vol.9 (1983, Pergamon)} 0-1

[Event "Brighton Knight Flight International"]
[Site "Brighton"]
[Date "1982.12.13"]
[Round "1"]
[White "Westerinen, Heikki MJ"]
[Black "Tisdall, Jonathan D"]
[Result "1/2-1/2"]
[WhiteElo "2410"]
[BlackElo "2435"]
[PlyCount "68"]
[EventDate "1982.12.13"]
[EventType "tourn"]
[EventRounds "11"]
[EventCountry "ENG"]
[EventCategory "8"]
[SourceTitle "BritBase"]
[Source "John Saunders"]
[SourceDate "2020.09.07"]
[SourceVersion "1"]
[SourceVersionDate "2020.09.07"]
[SourceQuality "2"]

1. e4 c6 2. d4 d5 3. Nd2 dxe4 4. Nxe4 Nf6 5. Nxf6+ gxf6 6. c3 Bf5 7. Nf3 e6 8.
g3 Bg7 9. Bg2 Nd7 10. O-O O-O 11. Re1 Qb6 12. Nh4 Bg6 13. Be3 Qxb2 14. Nxg6
hxg6 15. Rb1 Qxa2 16. Rxb7 Nb6 17. Qa1 Qc4 18. Bf1 Qa4 19. c4 f5 20. Qxa4 Nxa4
21. Ra1 Nc3 22. Raxa7 Rxa7 23. Rxa7 Nd1 24. Rc7 Nxe3 25. fxe3 Bh6 26. Kf2 Rb8
27. Rxc6 Rb3 28. d5 Bxe3+ 29. Ke2 exd5 30. cxd5 Kf8 31. d6 Ke8 32. Rc7 Bg5 33.
Bg2 Rb2+ 34. Kf1 Rb1+ 1/2-1/2

[Event "Brighton Knight Flight International"]
[Site "Brighton"]
[Date "1982.12.14"]
[Round "2"]
[White "Watson, William N"]
[Black "Westerinen, Heikki MJ"]
[Result "1/2-1/2"]
[WhiteElo "2370"]
[BlackElo "2410"]
[PlyCount "59"]
[EventDate "1982.12.13"]
[EventType "tourn"]
[EventRounds "11"]
[EventCountry "ENG"]
[EventCategory "8"]
[SourceTitle "BritBase"]
[Source "John Saunders"]
[SourceDate "2020.09.07"]
[SourceVersion "1"]
[SourceVersionDate "2020.09.07"]
[SourceQuality "2"]

1. Nc3 e5 2. e4 Nf6 3. g3 Bb4 4. Bg2 O-O 5. Nge2 c6 6. d4 exd4 7. Qxd4 Qb6 8.
Qd3 Na6 9. O-O Re8 10. a3 Bf8 11. b4 Ng4 12. Na4 Qd8 13. c4 Ne5 14. Qc2 Nxc4
15. Qxc4 b5 16. Qc2 bxa4 17. Bf4 Nc7 18. Nd4 a5 19. Rfd1 Bb7 20. bxa5 Rxa5 21.
Rab1 Qc8 22. Nf5 Nb5 23. Qd2 Ra8 24. Bd6 Nxd6 25. Nxd6 Bxd6 26. Qxd6 c5 27.
Qxd7 Qxd7 28. Rxd7 Bxe4 29. Bxe4 Rxe4 30. Rc1 1/2-1/2

[Event "Brighton Knight Flight International"]
[Site "Brighton"]
[Date "1982.12.15"]
[Round "3"]
[White "Hjartarson, Johann"]
[Black "Arnason, Jon Loftur"]
[Result "1/2-1/2"]
[WhiteElo "2400"]
[BlackElo "2455"]
[PlyCount "107"]
[EventDate "1982.12.13"]
[EventType "tourn"]
[EventRounds "11"]
[EventCountry "ENG"]
[EventCategory "8"]
[SourceTitle "BritBase"]
[Source "John Saunders"]
[SourceDate "2020.09.07"]
[SourceVersion "1"]
[SourceVersionDate "2020.09.07"]
[SourceQuality "2"]

1. d4 Nf6 2. c4 e6 3. Nc3 Bb4 4. e3 O-O 5. Bd3 c5 6. Nf3 b6 7. O-O Bb7 8. Na4
cxd4 9. a3 Be7 10. exd4 Bxf3 11. Qxf3 Nc6 12. Be3 d5 13. cxd5 Qxd5 14. Qxd5
Nxd5 15. Ba6 Rad8 16. Rac1 Nb8 17. Bc4 f5 18. Nc3 f4 19. Bd2 Nc7 20. Rfd1 Nc6
21. Ne2 g5 22. Bb3 Rd6 23. Bb4 Nxb4 24. Rxc7 Bd8 25. Rxa7 Nc6 26. Ra6 f3 27.
gxf3 Rxf3 28. Bc2 g4 29. Ra8 Rf8 30. b4 Ne7 31. Be4 Nd5 32. Bxd5 Rxd5 33. Rc1
Kg7 34. Rc6 Rf6 35. Rcc8 Rf8 36. Rc6 Rf6 37. Ng3 h5 38. Rcc8 Rf8 39. Nxh5+ Kg6
40. Nf4+ Rxf4 41. Rxd8 Rfxd4 42. Rg8+ Kf6 43. Raf8+ Ke7 44. Rb8 Kf7 45. Kg2 b5
46. Rgc8 Rd3 47. Rc7+ Kf6 48. Rcb7 Rxa3 49. Rxb5 Rb3 50. R5b7 Rf5 51. b5 Ke5
52. Rc7 Rb2 53. Rc5+ Ke4 54. Rxf5 1/2-1/2

[Event "Brighton Knight Flight International"]
[Site "Brighton"]
[Date "1982.12.15"]
[Round "3"]
[White "Hodgson, Julian M"]
[Black "Tisdall, Jonathan D"]
[Result "1/2-1/2"]
[WhiteElo "2385"]
[BlackElo "2435"]
[PlyCount "55"]
[EventDate "1982.12.13"]
[EventType "tourn"]
[EventRounds "11"]
[EventCountry "ENG"]
[EventCategory "8"]
[SourceTitle "BritBase"]
[Source "John Saunders"]
[SourceDate "2020.09.07"]
[SourceVersion "1"]
[SourceVersionDate "2020.09.07"]
[SourceQuality "2"]

1. e4 c5 2. f4 e6 3. Nf3 a6 4. d3 Nc6 5. g3 d5 6. Qe2 Nf6 7. Bg2 Be7 8. O-O O-O
9. Nc3 Nd4 10. Qd1 b5 11. e5 Nd7 12. Nxd4 cxd4 13. Ne2 Qb6 14. b3 Bc5 15. Bb2
Nb8 16. a3 a5 17. b4 axb4 18. axb4 Rxa1 19. Qxa1 Bxb4 20. Bxd4 Bc5 21. Qc3
Bxd4+ 22. Qxd4 Qc7 23. c3 Bd7 24. Ra1 Rc8 25. Qa7 Qxa7+ 26. Rxa7 Kf8 27. Kf2
Ke7 28. Ke3 1/2-1/2

[Event "Brighton Knight Flight International"]
[Site "Brighton"]
[Date "1982.12.15"]
[Round "3"]
[White "Sigurjonsson, Gudmundur"]
[Black "Watson, William N"]
[Result "1-0"]
[WhiteElo "2470"]
[BlackElo "2370"]
[PlyCount "67"]
[EventDate "1982.12.13"]
[EventType "tourn"]
[EventRounds "11"]
[EventCountry "ENG"]
[EventCategory "8"]
[SourceTitle "BritBase"]
[Source "John Saunders"]
[SourceDate "2020.09.07"]
[SourceVersion "1"]
[SourceVersionDate "2020.09.07"]
[SourceQuality "2"]

1. e4 c5 2. Nf3 d6 3. d4 cxd4 4. Nxd4 Nf6 5. Nc3 g6 6. Be3 Bg7 7. f3 Nc6 8. Qd2
O-O 9. O-O-O d5 10. exd5 Nxd5 11. Nxc6 bxc6 12. Bd4 e5 13. Bc5 Be6 14. Ne4 Re8
15. h4 Rb8 16. Bc4 h6 17. g4 Re7 18. Bxe7 Qxe7 19. Bb3 f5 20. gxf5 gxf5 21. Ng3
Kh7 22. Kb1 Qc5 23. Rhg1 a5 24. Nh5 Bh8 25. Rg3 Qe7 26. Rdg1 Rg8 27. Rxg8 Bxg8
28. Qxa5 Bf7 29. Ng3 e4 30. fxe4 f4 31. exd5 fxg3 32. dxc6 Qf6 33. Qc3 Qf2 34.
Qxg3 1-0

[Event "Brighton Knight Flight International"]
[Site "Brighton"]
[Date "1982.12.16"]
[Round "4"]
[White "Arnason, Jon Loftur"]
[Black "Westerinen, Heikki MJ"]
[Result "1/2-1/2"]
[WhiteElo "2455"]
[BlackElo "2410"]
[PlyCount "75"]
[EventDate "1982.12.13"]
[EventType "tourn"]
[EventRounds "11"]
[EventCountry "ENG"]
[EventCategory "8"]
[SourceTitle "BritBase"]
[Source "John Saunders"]
[SourceDate "2020.09.07"]
[SourceVersion "1"]
[SourceVersionDate "2020.09.07"]
[SourceQuality "2"]

1. e4 e5 2. f4 exf4 3. Be2 Nc6 4. d4 Nf6 5. Bf3 d5 6. e5 Ne4 7. Bxf4 Be6 8. Ne2
Be7 9. O-O Ng5 10. Nd2 Nxf3+ 11. Nxf3 f5 12. exf6 Bxf6 13. Ng3 O-O 14. Nh5 Bg4
15. Nxf6+ Qxf6 16. Bxc7 Bxf3 17. Rxf3 Qxd4+ 18. Qxd4 Nxd4 19. Rxf8+ Rxf8 20.
Rd1 Nxc2 21. Rxd5 Ne3 22. Rd8 Rxd8 23. Bxd8 Nd1 24. b4 Kf7 25. Kf1 Ke6 26. Ke2
Nc3+ 27. Kd3 Nxa2 28. Kc4 Nc1 29. Bg5 Ne2 30. Be3 Kf5 31. Bxa7 Nf4 32. g3 Ne6
33. Kb5 Nc7+ 34. Kb6 Nd5+ 35. Kc5 Nxb4 36. Kxb4 Kg4 37. Kb5 Kh3 38. Bb8 1/2-1/2

[Event "Brighton Knight Flight International"]
[Site "Brighton"]
[Date "1982.12.16"]
[Round "4"]
[White "Murey, Jacob"]
[Black "Hjartarson, Johann"]
[Result "1/2-1/2"]
[WhiteElo "2500"]
[BlackElo "2400"]
[PlyCount "102"]
[EventDate "1982.12.13"]
[EventType "tourn"]
[EventRounds "11"]
[EventCountry "ENG"]
[EventCategory "8"]
[SourceTitle "BritBase"]
[Source "John Saunders"]
[SourceDate "2020.09.07"]
[SourceVersion "1"]
[SourceVersionDate "2020.09.07"]
[SourceQuality "2"]

1. e4 c5 2. Nf3 d6 3. d4 cxd4 4. Nxd4 Nf6 5. Nc3 a6 6. Bg5 e6 7. f4 Qb6 8. a3
Nc6 9. Nb3 Be7 10. Qf3 Qc7 11. Bh4 b5 12. O-O-O Bb7 13. Bxf6 Bxf6 14. Bxb5 Bxc3
15. Bxc6+ Qxc6 16. Qxc3 Qxc3 17. bxc3 Bxe4 18. Rxd6 Bxg2 19. Rg1 Be4 20. Nc5
Bf5 21. Rxa6 Rxa6 22. Nxa6 Ke7 23. Kb2 Rd8 24. Rg2 Be4 25. Re2 f5 26. c4 Rc8
27. Kb3 e5 28. fxe5 g5 29. Kb4 g4 30. Nc5 Bf3 31. Rd2 Rc7 32. Rd6 Ke8 33. Ne6
Rb7+ 34. Kc3 Ra7 35. c5 Rxa3+ 36. Kd2 Be4 37. Nc7+ Ke7 38. e6 Kf6 39. c6 Ra2
40. Nd5+ Bxd5 41. Rxd5 Ra8 42. e7 Kxe7 43. Rxf5 Kd6 44. Rg5 h5 45. Rxh5 Rg8 46.
Rh6+ Kc7 47. Kc3 g3 48. hxg3 Rxg3+ 49. Kb4 Rg4+ 50. c4 Rg5 51. c5 Rg1 1/2-1/2

[Event "Brighton Knight Flight International"]
[Site "Brighton"]
[Date "1982.12.16"]
[Round "4"]
[White "Short, Nigel D"]
[Black "Gurevich, Dmitry"]
[Result "1/2-1/2"]
[WhiteElo "2485"]
[BlackElo "2510"]
[PlyCount "86"]
[EventDate "1982.12.13"]
[EventType "tourn"]
[EventRounds "11"]
[EventCountry "ENG"]
[EventCategory "8"]
[SourceTitle "BritBase"]
[Source "John Saunders"]
[SourceDate "2020.09.07"]
[SourceVersion "1"]
[SourceVersionDate "2020.09.07"]
[SourceQuality "2"]

1. e4 d6 2. d4 Nf6 3. Nc3 g6 4. g3 Bg7 5. Bg2 O-O 6. Nge2 e5 7. O-O exd4 8.
Nxd4 Bd7 9. h3 Nc6 10. Nde2 Re8 11. g4 b5 12. Ng3 b4 13. Nce2 h6 14. a3 a5 15.
axb4 axb4 16. Rxa8 Qxa8 17. b3 Qd8 18. Bd2 Bc8 19. Nf4 Ba6 20. Re1 Qb8 21. Nd5
Nxd5 22. exd5 Rxe1+ 23. Qxe1 Nd4 24. Qe4 c5 25. dxc6 Bb5 26. Bxh6 Bxc6 27. Qd3
Bxg2 28. Kxg2 Nxc2 29. Qxc2 Bxh6 30. Qc6 Bg7 31. Ne4 Be5 32. Nd2 Qd8 33. Nc4
Qf6 34. Qf3 Qe6 35. Nb6 Bc3 36. Nd5 Qe5 37. Qd3 Kg7 38. Nb6 Kg8 39. Qd5 Qe6 40.
Qc4 Qe5 41. Nd5 Kg7 42. Nxb4 Bxb4 43. Qxb4 Qd5+ 1/2-1/2

[Event "Brighton Knight Flight International"]
[Site "Brighton"]
[Date "1982.12.16"]
[Round "4"]
[White "Watson, William N"]
[Black "Hodgson, Julian M"]
[Result "1/2-1/2"]
[WhiteElo "2370"]
[BlackElo "2385"]
[PlyCount "49"]
[EventDate "1982.12.13"]
[EventType "tourn"]
[EventRounds "11"]
[EventCountry "ENG"]
[EventCategory "8"]
[SourceTitle "BritBase"]
[Source "John Saunders"]
[SourceDate "2020.09.07"]
[SourceVersion "1"]
[SourceVersionDate "2020.09.07"]
[SourceQuality "2"]

1. e4 c5 2. Nf3 d6 3. Nc3 Nf6 4. d4 cxd4 5. Nxd4 a6 6. f4 e6 7. Be3 Be7 8. Qf3
Qc7 9. g4 Nc6 10. O-O-O Nxd4 11. Bxd4 e5 12. fxe5 dxe5 13. Qg3 Be6 14. Bxe5 Qa5
15. Be2 O-O 16. Kb1 Rac8 17. a3 Rfe8 18. g5 Nd7 19. Nd5 Qa4 20. Bc3 Qxe4 21.
Nf6+ Bxf6 22. gxf6 g6 23. Rhe1 Qf5 24. Bd3 Qd5 25. Qh4 1/2-1/2

[Event "Brighton Knight Flight International"]
[Site "Brighton"]
[Date "1982.12.16"]
[Round "5"]
[White "Hjartarson, Johann"]
[Black "Short, Nigel D"]
[Result "1/2-1/2"]
[WhiteElo "2400"]
[BlackElo "2485"]
[PlyCount "24"]
[EventDate "1982.12.13"]
[EventType "tourn"]
[EventRounds "11"]
[EventCountry "ENG"]
[EventCategory "8"]
[SourceTitle "BritBase"]
[Source "John Saunders"]
[SourceDate "2020.09.07"]
[SourceVersion "1"]
[SourceVersionDate "2020.09.07"]
[SourceQuality "2"]

1. d4 Nf6 2. c4 e6 3. Nf3 Bb4+ 4. Bd2 a5 5. g3 d5 6. cxd5 exd5 7. Bg2 O-O 8.
O-O Nc6 9. Bg5 h6 10. Bxf6 Qxf6 11. Nc3 Ne7 12. e4 dxe4 1/2-1/2

[Event "Brighton Knight Flight International"]
[Site "Brighton"]
[Date "1982.12.16"]
[Round "5"]
[White "Tisdall, Jonathan D"]
[Black "Watson, William N"]
[Result "0-1"]
[WhiteElo "2435"]
[BlackElo "2370"]
[PlyCount "99"]
[EventDate "1982.12.13"]
[EventType "tourn"]
[EventRounds "11"]
[EventCountry "ENG"]
[EventCategory "8"]
[SourceTitle "BritBase"]
[Source "John Saunders"]
[SourceDate "2020.09.07"]
[SourceVersion "1"]
[SourceVersionDate "2020.09.07"]
[SourceQuality "2"]

1. d4 Nf6 2. c4 g6 3. Nc3 Bg7 4. f3 O-O 5. e4 d6 6. Be3 Nc6 7. Qd2 a6 8. Nge2
Rb8 9. Rb1 Nh5 10. g4 Nf6 11. b4 Nd7 12. Nd1 e5 13. d5 Nd4 14. Nxd4 exd4 15.
Bxd4 Ne5 16. Bxe5 Bxe5 17. f4 Bg7 18. Be2 c6 19. O-O cxd5 20. cxd5 Qb6+ 21. Kg2
Re8 22. Bf3 Bd7 23. Ne3 Rbc8 24. Rfc1 Bd4 25. Nc4 Rxc4 26. Rxc4 Be3 27. Qc2
Bxf4 28. Qf2 Be3 29. Qc2 Qd8 30. Re1 Bf4 31. Qf2 Bb5 32. Rc2 Bg5 33. Rh1 Bd3
34. Rc3 Bxe4 35. Rf1 Bh4 36. Qd2 Qd7 37. Kh3 Bf6 38. Rc4 h5 39. Qf4 Bd3 40.
Rfc1 Bxc4 41. Rxc4 Kg7 42. Kg2 hxg4 43. Bxg4 Qb5 44. Bf3 Re1 45. Rc7 Qf1+ 46.
Kg3 Qg1+ 47. Kh3 Qf1+ 48. Kg3 Re3 49. Qxe3 Be5+ 50. Kg4 $138 {time} 0-1

[Event "Brighton Knight Flight International"]
[Site "Brighton"]
[Date "1982.12.16"]
[Round "5"]
[White "Westerinen, Heikki MJ"]
[Black "Murey, Jacob"]
[Result "1-0"]
[WhiteElo "2410"]
[BlackElo "2500"]
[PlyCount "95"]
[EventDate "1982.12.13"]
[EventType "tourn"]
[EventRounds "11"]
[EventCountry "ENG"]
[EventCategory "8"]
[SourceTitle "BritBase"]
[Source "John Saunders"]
[SourceDate "2020.09.07"]
[SourceVersion "1"]
[SourceVersionDate "2020.09.07"]
[SourceQuality "2"]

1. e4 c5 2. Nf3 Nf6 3. e5 Nd5 4. d4 cxd4 5. Qxd4 e6 6. Bc4 Nc6 7. Qe4 d6 8. O-O
dxe5 9. Nxe5 Bd6 10. Bxd5 exd5 11. Nxc6+ dxe4 12. Nxd8 Kxd8 13. Nc3 f5 14. Rd1
Ke7 15. Nd5+ Kf7 16. h4 Be6 17. Nf4 Rhd8 18. Be3 Be5 19. c3 b6 20. Nxe6 Kxe6
21. g3 h6 22. Kf1 Rf8 23. Ke2 Rf7 24. Rd2 Re8 25. Rad1 f4 26. gxf4 Bxf4 27. Rd4
Kf5 28. Rg1 Bh2 29. Rg2 Be5 30. Rd5 Ke6 31. Rb5 Bd6 32. Bd4 Ree7 33. Rg6+ Kd7
34. Rd5 Re6 35. Rxg7 Rxg7 36. Bxg7 Ke7 37. h5 Bf4 38. c4 e3 39. f3 Rc6 40. Rd4
Bh2 41. Rg4 Kf7 42. Kxe3 Rc5 43. Bxh6 Rxh5 44. Bf4 Ke6 45. Rg7 a5 46. Bxh2 Rxh2
47. Rg6+ Ke7 48. Rxb6 1-0

[Event "Brighton Knight Flight International"]
[Site "Brighton"]
[Date "1982.12.17"]
[Round "6"]
[White "Arnason, Jon Loftur"]
[Black "Hodgson, Julian M"]
[Result "1-0"]
[WhiteElo "2455"]
[BlackElo "2385"]
[PlyCount "121"]
[EventDate "1982.12.13"]
[EventType "tourn"]
[EventRounds "11"]
[EventCountry "ENG"]
[EventCategory "8"]
[SourceTitle "BritBase"]
[Source "John Saunders"]
[SourceDate "2020.09.07"]
[SourceVersion "1"]
[SourceVersionDate "2020.09.07"]
[SourceQuality "2"]

1. e4 c6 2. d4 d5 3. Nd2 dxe4 4. Nxe4 Nf6 5. Nxf6+ gxf6 6. c3 Bf5 7. Nf3 e6 8.
g3 Bg4 9. Bg2 Qc7 10. h3 Bh5 11. Qb3 Bd6 12. c4 Nd7 13. c5 Be7 14. O-O O-O-O
15. Qa3 Kb8 16. b4 e5 17. Re1 Rhe8 18. Bb2 Bf8 19. Qe3 Bg6 20. Rad1 e4 21. Nh4
f5 22. Bc1 Nf6 23. Qg5 Nh5 24. Nxf5 Rd5 25. Rxe4 Red8 26. g4 h6 27. Qh4 Bxf5
28. gxf5 Rxf5 29. Rde1 Qd7 30. Re5 Rxe5 31. Rxe5 Ng7 32. d5 Re8 33. Bf4 Kc8 34.
Qf6 cxd5 35. Rxd5 Qe6 36. Qxh6 Qe1+ 37. Kh2 Ne6 38. Qh4 Qxb4 39. Rf5 Bxc5 40.
Qg4 Bd6 41. Bxd6 Qxd6+ 42. Qg3 Qxg3+ 43. fxg3 Re7 44. Rd5 Nc7 45. Rd2 b5 46. h4
Rd7 47. Bh3 Ne6 48. Re2 Rd6 49. Rf2 Kd8 50. Rxf7 Rd2+ 51. Kg1 Nd4 52. Rf2 Rxf2
53. Kxf2 b4 54. Ke3 b3 55. axb3 Nxb3 56. h5 Ke7 57. h6 Kf8 58. g4 Na5 59. g5
Nc6 60. Be6 Ne7 61. Ke4 1-0

[Event "Brighton Knight Flight International"]
[Site "Brighton"]
[Date "1982.12.17"]
[Round "6"]
[White "Gurevich, Dmitry"]
[Black "Hjartarson, Johann"]
[Result "1/2-1/2"]
[WhiteElo "2510"]
[BlackElo "2400"]
[PlyCount "141"]
[EventDate "1982.12.13"]
[EventType "tourn"]
[EventRounds "11"]
[EventCountry "ENG"]
[EventCategory "8"]
[SourceTitle "BritBase"]
[Source "John Saunders"]
[SourceDate "2020.09.07"]
[SourceVersion "1"]
[SourceVersionDate "2020.09.07"]
[SourceQuality "2"]

1. d4 Nf6 2. c4 e6 3. Nc3 Bb4 4. e3 O-O 5. Bd3 d5 6. Nge2 dxc4 7. Bxc4 e5 8. a3
Bxc3+ 9. Nxc3 exd4 10. exd4 Re8+ 11. Be3 Nbd7 12. Qb3 Re7 13. O-O Nb6 14. d5
Ng4 15. Bc5 Re8 16. Rfe1 Bf5 17. h3 Ne5 18. Bf1 a6 19. Re3 Ned7 20. Rxe8+ Qxe8
21. Be3 Qe7 22. a4 Rb8 23. Bf4 Nc8 24. Qc4 Ne5 25. Qe2 f6 26. Re1 Qb4 27. Bxe5
fxe5 28. d6 Nxd6 29. Nd5 Qxa4 30. Ne7+ Kh8 31. Nxf5 Nxf5 32. Qxe5 Qd7 33. Bd3
Nd4 34. Qh5 g6 35. Bxg6 Qg7 36. Be4 b5 37. Bd5 Qg6 38. Qe5+ Qg7 39. Qe8+ Qf8
40. Qe5+ Qg7 41. Qe8+ Qf8 42. Qe5+ Qg7 43. Qxg7+ Kxg7 44. Re7+ Kf6 45. Rxc7 a5
46. Rxh7 Rd8 47. Be4 Ne2+ 48. Kh2 Rd2 49. b3 Nc3 50. f3 Rb2 51. Ra7 Rxb3 52.
Rxa5 Nxe4 53. fxe4 Ke5 54. h4 Kxe4 55. g3 Rb1 56. Kh3 Kf5 57. Ra8 b4 58. Ra5+
Kf6 59. Ra6+ Kg7 60. Rb6 b3 61. g4 b2 62. Kg2 Kh7 63. h5 Kg7 64. Kh2 Kh7 65. g5
Kg8 66. Rb7 Kh8 67. h6 Ra1 68. Rxb2 Ra5 69. Rg2 Kh7 70. g6+ Kg8 71. g7 1/2-1/2

[Event "Brighton Knight Flight International"]
[Site "Brighton"]
[Date "1982.12.17"]
[Round "6"]
[White "Shamkovich, Leonid Alexandrovic"]
[Black "Tisdall, Jonathan D"]
[Result "1/2-1/2"]
[WhiteElo "2490"]
[BlackElo "2435"]
[PlyCount "118"]
[EventDate "1982.12.13"]
[EventType "tourn"]
[EventRounds "11"]
[EventCountry "ENG"]
[EventCategory "8"]
[SourceTitle "BritBase"]
[Source "John Saunders"]
[SourceDate "2020.09.07"]
[SourceVersion "1"]
[SourceVersionDate "2020.09.07"]
[SourceQuality "2"]

1. d4 Nf6 2. c4 e6 3. Nc3 Bb4 4. Qc2 O-O 5. a3 Bxc3+ 6. Qxc3 b6 7. Nf3 Bb7 8.
b4 d6 9. e3 Nbd7 10. Bb2 Ne4 11. Qc2 f5 12. Be2 Ndf6 13. O-O Qe7 14. Ne1 Rae8
15. f3 Ng5 16. Nd3 Kh8 17. Rae1 Qd8 18. Nf4 Nf7 19. Rd1 Qe7 20. Rfe1 e5 21.
dxe5 dxe5 22. Nd5 Bxd5 23. cxd5 Nd6 24. Bf1 Qf7 25. Qd2 Re7 26. Qd3 e4 27. Qd4
Rd8 28. Rd2 Red7 29. Red1 Nc8 30. Qe5 exf3 31. Qxf5 fxg2 32. Bxg2 Ne7 33. Qf2
Qg6 34. Qg3 Qxg3 35. hxg3 Nexd5 36. e4 Ne7 37. Rxd7 Rxd7 38. Rf1 Kg8 39. e5
Nfd5 40. Bh3 Rd8 41. Be6+ Kh8 42. Rf7 Ng6 43. Kf1 Nde7 44. Bc4 Rf8 45. e6 Rxf7+
46. exf7 Nc8 47. g4 Nd6 48. Bb3 h6 49. Ke2 Nf8 50. g5 hxg5 51. Bc1 Kh7 52. Bxg5
g6 53. Bf6 Nd7 54. Be6 Nf8 55. Bd5 g5 56. Bxg5 Kg7 57. Bd8 c6 58. Bxc6 Kxf7 59.
Kd3 Ke6 1/2-1/2

[Event "Brighton Knight Flight International"]
[Site "Brighton"]
[Date "1982.12.17"]
[Round "6"]
[White "Short, Nigel D"]
[Black "Westerinen, Heikki MJ"]
[Result "1/2-1/2"]
[WhiteElo "2485"]
[BlackElo "2410"]
[PlyCount "33"]
[EventDate "1982.12.13"]
[EventType "tourn"]
[EventRounds "11"]
[EventCountry "ENG"]
[EventCategory "8"]
[SourceTitle "BritBase"]
[Source "John Saunders"]
[SourceDate "2020.09.07"]
[SourceVersion "1"]
[SourceVersionDate "2020.09.07"]
[SourceQuality "2"]

1. e4 e5 2. Bc4 Nf6 3. d3 c6 4. Nf3 d5 5. Bb3 Bd6 6. Nc3 dxe4 7. Nxe4 Nxe4 8.
dxe4 Bb4+ 9. c3 Qxd1+ 10. Kxd1 Bd6 11. Ke2 f6 12. Rd1 Ke7 13. Nd2 Na6 14. a4
Nc5 15. Bc4 a5 16. b3 Rd8 17. f3 1/2-1/2

[Event "Brighton Knight Flight International"]
[Site "Brighton"]
[Date "1982.12.18"]
[Round "7"]
[White "Hodgson, Julian M"]
[Black "Murey, Jacob"]
[Result "1/2-1/2"]
[WhiteElo "2385"]
[BlackElo "2500"]
[PlyCount "69"]
[EventDate "1982.12.13"]
[EventType "tourn"]
[EventRounds "11"]
[EventCountry "ENG"]
[EventCategory "8"]
[SourceTitle "BritBase"]
[Source "John Saunders"]
[SourceDate "2020.09.07"]
[SourceVersion "1"]
[SourceVersionDate "2020.09.07"]
[SourceQuality "2"]

1. e4 c5 2. f4 Nc6 3. Nf3 Nf6 4. Nc3 d5 5. e5 Ne4 6. Nxe4 dxe4 7. Ng5 Bf5 8. e6
fxe6 9. Bb5 Qd6 10. O-O h6 11. Nh3 O-O-O 12. Bxc6 Qxc6 13. g4 Bg6 14. Qe2 Qd5
15. Nf2 h5 16. g5 e5 17. fxe5 e6 18. Re1 Qxe5 19. Nxe4 Rd4 20. d3 Bxe4 21. c3
Ra4 22. b3 Ra6 23. Qxe4 Qxc3 24. Bf4 Rc6 25. Rac1 Qb2 26. Re2 Qa3 27. Qe5 Bd6
28. Qxe6+ Kc7 29. Bxd6+ Rxd6 30. Qe7+ Kc6 31. Rc4 b5 32. Re6 Rhd8 33. Qxd8 Rxe6
34. Qc8+ Kd6 35. Qd8+ 1/2-1/2

[Event "Brighton Knight Flight International"]
[Site "Brighton"]
[Date "1982.12.18"]
[Round "7"]
[White "Watson, William N"]
[Black "Shamkovich, Leonid Alexandrovic"]
[Result "1-0"]
[WhiteElo "2370"]
[BlackElo "2490"]
[PlyCount "49"]
[EventDate "1982.12.13"]
[EventType "tourn"]
[EventRounds "11"]
[EventCountry "ENG"]
[EventCategory "8"]
[SourceTitle "BritBase"]
[Source "John Saunders"]
[SourceDate "2020.09.07"]
[SourceVersion "1"]
[SourceVersionDate "2020.09.07"]
[SourceQuality "2"]

1. e4 c5 2. f4 Nc6 3. Nf3 g6 4. Bb5 Bg7 5. O-O Nf6 6. d3 O-O 7. Bxc6 bxc6 8.
Nc3 d6 9. Bd2 c4 10. d4 Qb6 11. Rb1 e5 12. fxe5 dxe5 13. Na4 Qc7 14. Nxe5 Nxe4
15. Bf4 Qd6 16. Nc3 Bf5 17. g4 Nxc3 18. bxc3 Be4 19. Nxf7 Qd5 20. Nh6+ Kh8 21.
Be5 Rf3 22. Rxf3 Bxf3 23. Qe1 c5 24. g5 Re8 25. Rb8 {Source: Tournament Chess,
Vol.9 (Pergamon, 1983), p22} ({Mega Database 2022 gives the further moves} 25.
Rb8 Rxb8 26. Bxg7+ Kxg7 27. Qe7+) 1-0